The Huxtables Quiz Stats

 Plays Quiz Updated Dec 28, 2018

Support Sporcle.
Go Orange.
Score 0/7 Timer 02:00
0 Plays Today
Relationship Family Member % Correct
DaughterRudith 'Rudy' Huxtable
91.6%
DadDr. Heathcliff 'Cliff' Huxtable
90.6%
SonTheodore 'Theo' Huxtable
88.5%
MomClair Hanks-Huxtable
76.8%
DaughterVanessa Huxtable
70.4%
DaughterDenise Huxtable-Kendall
62.4%
DaughterSondra Huxtable Tibideaux
48.8%

You're not logged in!

Compare scores with friends on all Sporcle quizzes.
OR
Log In
Forgot?

From the Vault

206 Human Bones

by DanRoc

Science 10m
This quiz is going to get under your skin.
Remove Ads.
Support Sporcle.
Get the best of Sporcle when you Go Orange. This ad-free experience offers more features, more stats, and more fun while also helping to support Sporcle. Thank you for becoming a member.

Show Comments

Extras

Top Quizzes Today


Score Distribution

Your Account Isn't Verified!

In order to create a playlist on Sporcle, you need to verify the email address you used during registration. Go to your Sporcle Settings to finish the process.

Report this User

Report this user for behavior that violates our Community Guidelines.

Details: